Modelovanie finančných časových radov pomocou ekonometrických modelov diplomová práca

Saved in:
Bibliographic Details
Main Author: Friga, Lukáš
Corporate Author: Podnikovohospodárska fakulta EU so sídlom v Košiciach. Katedra účtovníctva a financií
Other Authors: Výrost, Tomáš, 1978-
Format: Book
Language:Slovak
Published: Košice 2012
Tags: Add Tag
No Tags, Be the first to tag this record!

MARC

LEADER 00000nbm a2200000 4500
001 0158596
005 20161109102204.4
041 0 |a slo 
044 |a SK 
245 1 0 |a Modelovanie finančných časových radov pomocou ekonometrických modelov  |b diplomová práca  |c Lukáš Friga ; školiteľ: Tomáš Výrost 
264 1 |a Košice  |c 2012 
300 |a 107 s. 
100 1 |a Friga, Lukáš 
700 1 |a Výrost, Tomáš, 1978- 
710 2 |a Podnikovohospodárska fakulta EU so sídlom v Košiciach. Katedra účtovníctva a financií